| 000 | 00602nam a2200217 a 4500 | ||
|---|---|---|---|
| 999 |
_c3405 _d3405 |
||
| 001 | 3405 | ||
| 003 | BD-JhCC | ||
| 005 | 20230208134023.0 | ||
| 008 | 171112s1985 bg ||||| |||| 00| 0 ben d | ||
| 035 | _a(BD-JhCC) | ||
| 040 |
_aBD-JhCC _dBD-JhCC |
||
| 041 | _aben | ||
| 082 |
_a891.442 _bRAS 1985 |
||
| 100 | _aরশীদ, মামুনুর | ||
| 245 |
_aগিনিপিগ / _cমামুনুর রশীদ |
||
| 260 |
_aঢাকা : _bবাংলা একাডেমী, _c1985 |
||
| 300 |
_a61 p. : _c22 cm. |
||
| 650 | _aBengali Drama | ||
| 942 |
_2ddc _cBK _01 |
||